Principles of microeconomics
שמור ב:
| מחבר ראשי: | |
|---|---|
| פורמט: | ספר |
| שפה: | Undetermined |
| יצא לאור: |
Boston
McGraw-Hill/Irwin
2007
|
| נושאים: | |
| תגים: |
הוספת תג
אין תגיות, היה/י הראשונ/ה לתייג את הרשומה!
|
| Thư viện lưu trữ: | Trung tâm Học liệu Trường Đại học Cần Thơ |
|---|
| LEADER | 00536nam a2200193Ia 4500 | ||
|---|---|---|---|
| 001 | CTU_164551 | ||
| 008 | 210402s9999 xx 000 0 und d | ||
| 020 | |c 118.46 | ||
| 082 | |a 338.5 | ||
| 082 | |b F828/3rd | ||
| 100 | |a Frank, Robert H. | ||
| 245 | 0 | |a Principles of microeconomics | |
| 245 | 0 | |c Robert H. Frank, Ben S. Bernanke | |
| 260 | |a Boston | ||
| 260 | |b McGraw-Hill/Irwin | ||
| 260 | |c 2007 | ||
| 650 | |a Microeconomics,Kinh tế vi mô | ||
| 910 | |a Nguyên | ||
| 980 | |a Trung tâm Học liệu Trường Đại học Cần Thơ | ||